000 00630nam a2200229 a 4500
001 14228
003 BD-JhCC
005 20250213122713.0
008 250209b 2014E a|||| ||a| 000 0 eng d
020 _a0606356398
035 _a(BD-JhCC)14228
040 _aBD-JhCC
_dBD-JhCC
041 _aenglish
082 _a650.1
_bKLE 2014
100 _a Kleon,Austin
245 _aShow your work! :
_b10 ways to share your creativity and get discovered /
_cAustin Kleon.
260 _aLondon:
_bWorkman Publishing Company;
_c2014.
300 _a175 p .
_c21 cm.
650 _a Business networks
942 _2ddc
_cBK
999 _c14228
_d14228